Loading...
Jacobean drama: an interprettion/
| Hovedforfatter: | |
|---|---|
| Format: | Printed Book |
| Sprog: | English |
| Udgivet: |
London:
Methuen,
c1965.
|
| Fag: |
| LEADER | 00542 a2200157 4500 | ||
|---|---|---|---|
| 008 | 150103s9999 000 0 eng | ||
| 020 | |a 0416688608 | ||
| 082 | |a 822.309 | ||
| 100 | |a Ellis-Fermor, Una | ||
| 245 | |a Jacobean drama: an interprettion/ | ||
| 260 | |a London: |b Methuen, |c c1965. | ||
| 300 | |a 354 p. | ||
| 650 | |a English Drama-17th century-History&Criticism | ||
| 942 | |c BK | ||
| 999 | |c 301712 |d 301712 | ||
| 952 | |0 0 |1 0 |2 ddc |4 0 |6 822_309000000000000_ELL_JA |7 0 |9 345042 |a DRA |b DRA |c ST1 |d 2010-09-13 |i 6 |l 0 |o 822.309 ELL/JA |p DRA6 |r 2019-01-03 |w 2019-01-03 |y BK | ||